000 00474nam a2200181Ia 4500
008 090124s9999 xx 000 0 und d
082 _b125855
100 _aखांडेकर वि.स.
245 _a झिम झिम
250 _a2
260 _c1993
300 _a137
600 _aखांडेकर वि.स.
630 _a झिम झिम
700 _aखांडेकर वि.स.
730 _a झिम झिम
942 _cBOOK
999 _c171943
_d171943